Movies Quiz

Random Movies or Letter Quiz

Animated Movies (A-Z) II Quiz Stats

 Plays Quiz Updated Sep 18, 2016

Challenge
Share
Tweet
Score 0/22 Timer 06:00
17 Plays Today
% Correct
Frozen
97.3%
The Lion King
95.8%
The Incredibles
94.8%
Shrek
93.7%
Tangled
90.5%
Brother Bear
89.4%
Chicken Run
87.8%
Ratatouille
85.2%
Wreck-It Ralph
85%
Anastasia
81.5%
Dinosaur
80.9%
% Correct
The Good Dinosaur
74.6%
James and the Giant Peach
66.3%
Over the Hedge
63.4%
Yu-Gi-Oh!: The Movie
55.4%
The Nut Job
37.4%
Howl's Moving Castle
36.7%
Mr. Peabody & Sherman
36.1%
Kubo and the Two Strings
30.5%
Princess Mononoke
29.9%
Escape from Planet Earth
13.4%
Valhalla
9.5%

You're not logged in!

Compare scores with friends on all Sporcle quizzes.
OR
Log In

You Might Also Like...

Show Comments

Extras

Top Quizzes Today


Score Distribution

Your Account Isn't Verified!

In order to create a playlist on Sporcle, you need to verify the email address you used during registration. Go to your Sporcle Settings to finish the process.

Report this User

Report this user for behavior that violates our Community Guidelines.

Details: